000 00449nam a2200193Ia 4500
005 20240823042816.0
008 240823s9999||||xx |||||||||||||| ||und||
020 _a81-219-2811-7
041 _aENGLISH
082 _A530 Q0
100 _aAvadhanulu M N
245 0 _aEngineering Physics Volume - 1
250 _a1st
260 _c2010
_bS Chand & Co
500 _aTRANSFERED
650 _aPhysics
_bGeneral
942 _cBK
999 _c208735
_d208735